000 02074nam a2200313 a 4500
001 BRCA_2413
005 20190320203809.0
008 131108s1750----sp-a---###---#000-0dspa-u
041 _aspa
044 _asp
084 _a054
_b.M377
_c1750
100 1 _aCervantes Saavedra, Miguel de
_d1547-1616
_9213
245 1 0 _aVida y hechos del Ingenioso Cavallero Don Quixote de la Mancha
_ccompuesto por Miguel de Cervantes Saavedra.
260 _aMadrid
_bJuan de S. Martin
_c1750
300 _a2 v.
_bil.
_c22 cm.
500 _aContenido : v 1. Primera parte. Dedicatoria de Cide H. Benengeli a D. Quijote. Licencia. Versos preliminares. Advertencia del librero. Licencia del Consejo. Tasa. Prólogo del autor. Dedicatoria de G. Mayáns I Síscar al Barón de Carteret. Censura. Suma de la licencia del Consejo. Suma de la tasa. Vida de Cervantes. Texto. -- v 2. Segunda parte. Versos preliminares. Las cinco composiciones poéticas de la edición de 1730. La misma licencia del volumen 1. Aprovación. Suma de la tasa. Prólogo del autor. Texto
500 _aEdición : Nueva edición corregida e ilustrada con 44 láminas muy apropiadas a la materia y añadida ahora nuevamente la vida de su autor escrita por Gregorio Mayáns I Síscar
500 _aCopia de la edición de 1741 del mismo editor, y con aquella mala impresa, en mal papel y con láminas borrosas. Es la primera edición del Quijote que en España imprimió la biografía de Cervantes compilada por Mayáns I Síscar. Ejemplar bastante bien conservado, encuadernado en pergamino Lúdovik Osterc
500 _aEstado físico : La cubierta del volumen 2 está desprendida
500 _aQM40
650 1 4 _aNovela española
_yÉpoca clásica, 1500-1700
_9215
650 1 4 _aLiteratura española
_yÉpoca clásica, 1500-1700
_9216
650 1 4 _aNovela española
_ySiglo XVII
_9217
650 1 4 _aDon Quijote (Personaje ficticio)
_eNovela
_9218
700 1 _aMayáns y Siscar, Gregorio
_d1699-1781
_eBiógrafo
_97097
740 0 _aEl Ingenioso Hidalgo Don Quijote de la Mancha
902 _aQFM
942 _2lcc
_cB
999 _c2154
_d2154